[Event "PHI-ch (Women)"]
[Site "Malolos City"]
[Date "2024.03.18"]
[Round "2"]
[White "Canino, Ruelle"]
[Black "Galas, Bernadette"]
[Result "1-0"]
[WhiteElo "1902"]
[BlackElo "1983"]
[PlyCount "155"]
[EventDate "2024.03.17"]
[EventType "tourn"]
[EventRounds "11"]
[EventCountry "PHI"]
[SourceTitle "CB13_2024"]
[SourceDate "2024.03.27"]
[SourceVersion "1"]
[SourceVersionDate "2024.03.27"]
[SourceQuality "1"]

1. c4 c5 2. Nf3 Nc6 3. g3 g6 4. Bg2 Bg7 5. 0-0 e5 6. Nc3 Nge7 7. d3 0-0 8. Ne1 d6 9. Nc2 Rb8 10. Rb1 Be6 11. Ne3 a6 12. a4 Nb4 13. Bd2 f5 14. Ned5 Nexd5 15. Nxd5 a5 16. Bc3 g5 17. e3 f4 18. Be4 Nxd5 19. cxd5 Bf5 20. Bxf5 Rxf5 21. Qg4 Rf7 22. Rbd1 b6 23. d4 exd4 24. exd4 Qd7 25. Qxg5 Rf5 26. Qg4 c4 27. Rde1 Rbf8 28. Qe2 f3 29. Qe6+ R8f7 30. Re4 Qxe6 31. dxe6 Re7 32. g4 Rd5 33. Rfe1 h5 34. h3 hxg4 35. hxg4 Rg5 36. Bd2 Rd5 37. Be3 b5 38. Rc1 Kh7 39. Kh2 Kg6 40. Kg3 bxa4 41. Rxc4 Rb5 42. Rxa4 d5 43. Rf4 Rxe6 44. Rf5 Bf6 45. Kxf3 Bd8 46. Rh5 Re4 47. Ra1 Bf6 48. Rh6+ Kg7 49. g5 Bxd4 50. Rc1 Rb3 51. Rc7+ Kg8 52. Rd6 Re8 53. Rxd5 Bxe3 54. fxe3 Rbxe3+ 55. Kf4 Rb3 56. Rxa5 Rxb2 57. Raa7 Rb4+ 58. Kf5 Rb5+ 59. Kg6 Rb6+ 60. Kh5 Rb2 61. Ra6 Rd8 62. Kg6 Rdb8 63. Rac6 R2b6 64. Rc8+ Rxc8 65. Rxb6 Kf8 66. Kh7 Rc7+ 67. Kh6 Rc1 68. Rb8+ Ke7 69. Kg7 Rg1 70. g6 Rg2 71. Rb7+ Ke8 72. Rb3 Re2 73. Rf3 Re1 74. Kh8 Rh1+ 75. Kg8 Ke7 76. Rf7+ Ke8 77. Rh7 Ra1 78. g7 1-0

[Event "Eastern Asia-ch U20 Girls"]
[Site "Kota Kinabalu"]
[Date "2023.12.08"]
[Round "9"]
[White "Canino, Ruelle"]
[Black "Edithso, Samantha"]
[Result "1-0"]
[WhiteElo "1816"]
[BlackElo "1869"]
[PlyCount "85"]
[EventDate "2023.12.02"]
[EventType "swiss"]
[EventRounds "9"]
[EventCountry "MAS"]
[SourceTitle "CB50_2023"]
[SourceDate "2023.12.13"]
[SourceVersion "1"]
[SourceVersionDate "2023.12.13"]
[SourceQuality "1"]

1. c4 Nf6 2. Nc3 d6 3. Nf3 g6 4. d4 Bg7 5. e4 0-0 6. Be2 e5 7. d5 h6 8. 0-0 Nh7 9. b4 f5 10. Nd2 g5 11. exf5 Bxf5 12. Nde4 Nd7 13. Bg4 Bg6 14. Be6+ Kh8 15. Be3 Ndf6 16. f3 Nh5 17. Rc1 a5 18. a3 axb4 19. axb4 Nf4 20. c5 Bxe4 21. fxe4 Qe8 22. Bf5 Nf6 23. g3 Ng6 24. cxd6 cxd6 25. Qe2 Ne7 26. Be6 Qg6 27. Bb6 Nc8 28. Bc7 Ne8 29. Bf5 Qf7 30. Nb5 Qe7 31. Qh5 Rf6 32. Qh3 Na7 33. Nxa7 Nxc7 34. Nc8 Qd8 35. Nb6 Ra3 36. Nd7 Rf7 37. Qh5 Rxf5 38. Rxf5 Qxd7 39. Rf7 Qb5 40. Rcxc7 Qb6+ 41. Kg2 Ra2+ 42. Kh3 Qg1 43. Qxh6+ 1-0

[Event "Eastern Asia-ch U20 Girls"]
[Site "Kota Kinabalu"]
[Date "2023.12.07"]
[Round "8"]
[White "Canino, Ruelle"]
[Black "Liuviann, Cecilia Natalie"]
[Result "0-1"]
[WhiteElo "1816"]
[BlackElo "1813"]
[PlyCount "78"]
[EventDate "2023.12.02"]
[EventType "swiss"]
[EventRounds "9"]
[EventCountry "MAS"]
[SourceTitle "CB50_2023"]
[SourceDate "2023.12.13"]
[SourceVersion "1"]
[SourceVersionDate "2023.12.13"]
[SourceQuality "1"]

1. c4 Nf6 2. Nc3 d5 3. cxd5 Nxd5 4. e4 Nb6 5. d4 g6 6. Be3 Bg7 7. h3 0-0 8. Nf3 c6 9. a4 Be6 10. Be2 Nc4 11. Bc1 Qa5 12. 0-0 Rd8 13. Rb1 Qb4 14. b3 Ne5 15. Nxe5 Bxe5 16. Nd5 cxd5 17. dxe5 Nc6 18. Bd2 Qxe4 19. f4 Rac8 20. Bf3 Qd4+ 21. Kh1 Bf5 22. Rc1 Be4 23. Bg4 e6 24. Qe1 Ne7 25. Bc3 Qd3 26. Qh4 Rxc3 27. Qxe7 Rf8 28. Rce1 Qg3 29. Re2 h5 30. Bxe6 fxe6 31. Qxe6+ Kg7 32. Qd7+ Rf7 33. Qe8 Qxh3+ 34. Kg1 Qc8 35. Qb5 Bd3 36. Qxd5 Qc5+ 37. Qxc5 Rxc5 38. e6 Bxe2 39. Re1 Re7 0-1

[Event "Eastern Asia-ch U20 Girls"]
[Site "Kota Kinabalu"]
[Date "2023.12.07"]
[Round "7"]
[White "Mohd Bustamanizan, Nureen Darwisyah In"]
[Black "Canino, Ruelle"]
[Result "0-1"]
[WhiteElo "1160"]
[BlackElo "1816"]
[PlyCount "50"]
[EventDate "2023.12.02"]
[EventType "swiss"]
[EventRounds "9"]
[EventCountry "MAS"]
[SourceTitle "CB50_2023"]
[SourceDate "2023.12.13"]
[SourceVersion "1"]
[SourceVersionDate "2023.12.13"]
[SourceQuality "1"]

1. e4 g6 2. d4 Bg7 3. Nf3 d6 4. Nc3 Nd7 5. Be3 e5 6. dxe5 dxe5 7. h3 Ngf6 8. Be2 0-0 9. a4 Qe7 10. Qd3 c6 11. Nd2 Nc5 12. Bxc5 Qxc5 13. Qc4 Qe7 14. 0-0-0 Be6 15. Qd3 a6 16. Nc4 Rfd8 17. Qe3 Bxc4 18. Bxc4 b5 19. Bb3 Nd7 20. Ba2 Nc5 21. axb5 axb5 22. Rxd8+ Rxd8 23. Rd1 Rd4 24. f3 Qa7 25. Bb1 Qa1 0-1

[Event "PHI-ch (Women)"]
[Site "Quezon City"]
[Date "2022.02.19"]
[Round "6"]
[White "Canino, Ruelle"]
[Black "Mejia, Cherry Ann"]
[Result "1/2-1/2"]
[WhiteElo "1811"]
[BlackElo "1948"]
[PlyCount "80"]
[EventDate "2022.02.17"]
[EventType "tourn"]
[EventRounds "10"]
[EventCountry "PHI"]
[SourceTitle "EXT 2023"]
[Source "ChessBase"]
[SourceDate "2022.10.05"]
[SourceVersion "1"]
[SourceVersionDate "2022.10.05"]
[SourceQuality "1"]

1. d4 d5 2. Bf4 c5 3. c3 Nc6 4. e3 Nf6 5. Nd2 Qb6 6. Qb3 c4 7. Qc2 Bg4 8. b3 cxb3 9. axb3 e6 10. Bd3 Rc8 11. Qb2 Bh5 12. Ngf3 Bg6 13. Bxg6 hxg6 14. h3 a6 15. 0-0 Qd8 16. c4 Bd6 17. Bxd6 Qxd6 18. c5 Qc7 19. b4 Rh5 20. b5 axb5 21. Qxb5 Kf8 22. Rfb1 Rb8 23. Qb6 Qc8 24. Ne5 Nd7 25. Nxd7+ Qxd7 26. Nb3 Qd8 27. Qxd8+ Nxd8 28. Ra2 Ke7 29. Na5 Kd7 30. c6+ Nxc6 31. Rxb7+ Rxb7 32. Nxb7 Rh8 33. Nc5+ Ke7 34. Ra6 Rc8 35. Nd3 Kd7 36. Nc5+ Ke7 37. Nd3 Kd7 38. Nc5+ Ke7 39. Nd3 Kd7 40. Nc5+ Ke7 1/2-1/2

[Event "PHI-ch (Women)"]
[Site "Quezon City"]
[Date "2022.02.18"]
[Round "3"]
[White "Hernandez, Lexie Grace"]
[Black "Canino, Ruelle"]
[Result "1/2-1/2"]
[WhiteElo "1681"]
[BlackElo "1811"]
[PlyCount "185"]
[EventDate "2022.02.17"]
[EventType "tourn"]
[EventRounds "10"]
[EventCountry "PHI"]
[SourceTitle "EXT 2023"]
[Source "ChessBase"]
[SourceDate "2022.10.05"]
[SourceVersion "1"]
[SourceVersionDate "2022.10.05"]
[SourceQuality "1"]

1. d4 d6 2. Bf4 g6 3. Nc3 Bg7 4. Qd2 a6 5. h4 h5 6. e4 Nc6 7. Be3 b5 8. a3 Rb8 9. f4 e6 10. b4 Nf6 11. Be2 Ng4 12. Nf3 e5 13. Bg1 0-0 14. d5 Ne7 15. fxe5 Nxe5 16. Bd4 f5 17. Nxe5 dxe5 18. Bc5 fxe4 19. Nxe4 Bf5 20. Bf3 Qd7 21. Rd1 Rfd8 22. Qg5 Nc8 23. 0-0 Nd6 24. Rde1 Re8 25. c3 Qd8 26. Qg3 Nxe4 27. Bxe4 Bxe4 28. Rxe4 Kh7 29. Qd3 Qd7 30. Rf3 Rbd8 31. Rg3 Qf7 32. Re2 Rxd5 33. Qe4 Rd1+ 34. Kh2 Rf1 35. Rf2 Rxf2 36. Bxf2 Re6 37. Be3 Qf5 38. Qb7 Qf7 39. Qe4 c6 40. Rg5 Kg8 41. c4 bxc4 42. Qxc4 e4 43. Qb3 Kh7 44. Rc5 Qc7+ 45. g3 Rf6 46. Bf4 Qd7 47. Qc2 Re6 48. Kg2 Bf8 49. Rc3 Qd5 50. Re3 Bg7 51. Kh2 Bd4 52. Re2 e3 53. Qd3 Qf3 54. Qxa6 Re4 55. Qc4 Bg7 56. Qd3 Bd4 57. Qc4 Rxf4 58. gxf4 Qxf4+ 59. Kg2 Qg4+ 60. Kf1 Qxh4 61. Qf7+ Kh6 62. Qf8+ Bg7 63. Qf3 Bd4 64. Qxc6 Qf4+ 65. Ke1 h4 66. b5 h3 67. Qh1 Bc3+ 68. Kd1 Qa4+ 69. Kc1 Qxa3+ 70. Kc2 Qb2+ 71. Kd3 Qxb5+ 72. Kxe3 Qe5+ 73. Kd3 Qb5+ 74. Ke3 Bd4+ 75. Kxd4 Qxe2 76. Qxh3+ Kg5 77. Qh7 Qe6 78. Qb7 Qd6+ 79. Ke3 Qf4+ 80. Ke2 Qg3 81. Qe7+ Kg4 82. Qe6+ Kh4 83. Qf6+ Qg5 84. Qf2+ Kh3 85. Qf3+ Qg3 86. Qf6 g5 87. Qh8+ Kg2 88. Qa8+ Kh3 89. Qh8+ Qh4 90. Qc3+ Kh2 91. Qe5+ Qg3 92. Qh8+ Kg2 93. Qa8+ 1/2-1/2

[Event "PHI-ch (Women)"]
[Site "Quezon City"]
[Date "2022.02.17"]
[Round "2"]
[White "Canino, Ruelle"]
[Black "Villa, Ma Elayza"]
[Result "1-0"]
[WhiteElo "1811"]
[BlackElo "1692"]
[PlyCount "93"]
[EventDate "2022.02.17"]
[EventType "tourn"]
[EventRounds "10"]
[EventCountry "PHI"]
[SourceTitle "EXT 2023"]
[Source "ChessBase"]
[SourceDate "2022.10.05"]
[SourceVersion "1"]
[SourceVersionDate "2022.10.05"]
[SourceQuality "1"]

1. d4 d5 2. Bf4 Nf6 3. e3 c5 4. c3 Nc6 5. Nd2 e6 6. Ngf3 Bd6 7. Bg3 0-0 8. Bd3 b6 9. Ne5 Bb7 10. f4 cxd4 11. exd4 Re8 12. 0-0 a6 13. Bh4 Be7 14. Qe2 b5 15. Rf3 g6 16. Rh3 Nxe5 17. fxe5 Nd7 18. Bxe7 Qxe7 19. Rf1 f5 20. exf6 Nxf6 21. Rg3 Kg7 22. Qe5 Rf8 23. Rgf3 Rf7 24. g4 h6 25. h4 Raf8 26. g5 hxg5 27. hxg5 Bc8 28. Rg3 Kg8 29. gxf6 Rxf6 30. Rxf6 Rxf6 31. Qxf6 Qxf6 32. Rxg6+ Kf7 33. Rxf6+ Kxf6 34. Nf3 Ke7 35. Kf2 Kd6 36. Ke3 Bd7 37. Kf4 Be8 38. Kg5 a5 39. Bg6 Bd7 40. Kf6 b4 41. cxb4 axb4 42. Ng5 Bc8 43. Bf7 e5 44. dxe5+ Kc5 45. e6 d4 46. Ne4+ Kc6 47. e7 1-0

[Event "PHI-ch (Women)"]
[Site "Quezon City"]
[Date "2022.02.17"]
[Round "1"]
[White "Mejia, Cherry Ann"]
[Black "Canino, Ruelle"]
[Result "1-0"]
[WhiteElo "1948"]
[BlackElo "1811"]
[PlyCount "87"]
[EventDate "2022.02.17"]
[EventType "tourn"]
[EventRounds "10"]
[EventCountry "PHI"]
[SourceTitle "EXT 2023"]
[Source "ChessBase"]
[SourceDate "2022.10.05"]
[SourceVersion "1"]
[SourceVersionDate "2022.10.05"]
[SourceQuality "1"]

1. e4 c6 2. d4 d5 3. Nd2 dxe4 4. Nxe4 Nf6 5. Nxf6+ exf6 6. c3 Bd6 7. Bd3 Qc7 8. Ne2 0-0 9. Qc2 h5 10. Bd2 Nd7 11. h3 c5 12. 0-0 Re8 13. Rfe1 Nf8 14. c4 cxd4 15. Nxd4 Bd7 16. Rac1 Be5 17. Ne2 Ne6 18. Be3 Nf4 19. Be4 Nxe2+ 20. Rxe2 Bc6 21. Bxc6 Qxc6 22. Rd2 g6 23. Rcd1 f5 24. Bg5 Rac8 25. b3 Kh7 26. Rd7 Rc7 27. Qd2 Kg8 28. Rd8 Rxd8 29. Qxd8+ Kg7 30. Rd5 f6 31. Be3 f4 32. Bc5 Rf7 33. Bxa7 f3 34. gxf3 Qe6 35. Kg2 Qf5 36. Be3 g5 37. Qe8 g4 38. hxg4 hxg4 39. fxg4 Qxg4+ 40. Kf1 Qh3+ 41. Ke2 Qg4+ 42. Kd2 Qf3 43. Rd8 Kg6 44. Rd7 1-0

[Event "Wch FIDE Online U12 Girls Asia qual"]
[Site "Tornelo INT"]
[Date "2020.12.13"]
[Round "7"]
[White "Canino, Ruelle"]
[Black "Nurgaliyeva, Zarina"]
[Result "0-1"]
[WhiteElo "1660"]
[BlackElo "1861"]
[PlyCount "54"]
[EventDate "2020.12.11"]
[EventType "swiss (rapid)"]
[EventRounds "7"]
[EventCountry "ISS"]
[SourceTitle "EXT 2022"]
[Source "ChessBase"]
[SourceDate "2021.10.06"]
[SourceVersion "1"]
[SourceVersionDate "2021.10.06"]
[SourceQuality "1"]

1. Nf3 d5 2. e3 Nf6 3. c4 e6 4. b3 c5 5. Bb2 Nc6 6. cxd5 exd5 7. Be2 Be7 8. 0-0 0-0 9. d4 b6 10. Nc3 h6 11. Rc1 Be6 12. dxc5 bxc5 13. Na4 Ne4 14. Bd3 f5 15. Bxe4 fxe4 16. Ne5 Nxe5 17. Bxe5 Rf5 18. Bb2 Qf8 19. Qe2 Rg5 20. Kh1 Bg4 21. Qd2 Bf3 22. Rg1 Qf5 23. Qe1 Qh3 24. Qf1 Qxh2+ 25. Kxh2 Rh5+ 26. Kg3 Bd6+ 27. Be5 Bxe5# 0-1

[Event "Thailand Pattaya U12 op 2nd"]
[Site "Pattaya"]
[Date "2019.10.22"]
[Round "8"]
[White "Canino, Ruelle"]
[Black "Racasa, Antonella Berthe"]
[Result "1/2-1/2"]
[WhiteElo "1505"]
[BlackElo "1514"]
[PlyCount "30"]
[EventDate "2019.10.19"]
[EventType "swiss"]
[EventRounds "9"]
[EventCountry "THA"]
[SourceTitle "CBM 193 Extra"]
[Source "ChessBase"]
[SourceDate "2020.01.31"]
[SourceVersion "1"]
[SourceVersionDate "2020.01.31"]
[SourceQuality "1"]

1. e4 c5 2. d4 cxd4 3. c3 d3 4. Bxd3 g6 5. Nf3 Bg7 6. 0-0 d6 7. Nbd2 Nf6 8. Nb3 0-0 9. Bg5 h6 10. Be3 Nc6 11. Qc2 Bd7 12. Rfd1 Qc7 13. h3 Rfc8 14. Qe2 a6 15. a4 Na5 1/2-1/2

[Event "Thailand Pattaya U12 op 2nd"]
[Site "Pattaya"]
[Date "2019.10.20"]
[Round "4"]
[White "Canino, Ruelle"]
[Black "Dau, Khuong Duy"]
[Result "1-0"]
[WhiteElo "1505"]
[BlackElo "1501"]
[PlyCount "125"]
[EventDate "2019.10.19"]
[EventType "swiss"]
[EventRounds "9"]
[EventCountry "THA"]
[SourceTitle "CBM 193 Extra"]
[Source "ChessBase"]
[SourceDate "2020.01.31"]
[SourceVersion "1"]
[SourceVersionDate "2020.01.31"]
[SourceQuality "1"]

1. e4 c5 2. d4 cxd4 3. c3 d6 4. cxd4 Nf6 5. Nc3 a6 6. Nf3 e6 7. Bd3 Be7 8. 0-0 0-0 9. Qb3 b5 10. a4 bxa4 11. Qxa4 Bd7 12. Qc2 h6 13. h3 a5 14. Bf4 Nc6 15. Qe2 Nxd4 16. Nxd4 e5 17. Be3 exd4 18. Bxd4 Bc6 19. Rfd1 Nd7 20. Bb5 Bxb5 21. Nxb5 Qb8 22. Bxg7 Kxg7 23. Qg4+ Bg5 24. Qxd7 Rd8 25. Qf5 Qb6 26. Rab1 Rac8 27. Nc3 Rc5 28. Qg4 h5 29. Qg3 h4 30. Qg4 Kh6 31. Na4 f5 32. exf5 Qb5 33. Nxc5 Qxc5 34. Qe4 Rf8 35. Rd5 Qc6 36. Rbd1 Rf6 37. Qd4 Qc2 38. Rxd6 Qxf5 39. Rxf6+ Bxf6 40. Qd2+ Bg5 41. Qd6+ Bf6 42. Qd2+ Bg5 43. Qd5 Qxd5 44. Rxd5 Bf6 45. Rb5 a4 46. Kf1 Kg6 47. Ke2 Kf7 48. Kd3 Ke6 49. f4 Be7 50. Re5+ Kd6 51. Rxe7 Kxe7 52. Ke4 Kd6 53. f5 Kc5 54. f6 Kb4 55. f7 Kb3 56. f8Q Kxb2 57. Qb4+ Kc2 58. Qxa4+ Kc3 59. Qd4+ Kb3 60. Kd3 Ka3 61. Qb6 Ka2 62. Kc2 Ka3 63. Qb3# 1-0

[Event "Eastern Asia-ch U12 Girls 4th"]
[Site "Bangkok"]
[Date "2019.08.06"]
[Round "7.1"]
[White "Canino, Ruelle"]
[Black "Claros, April Joy"]
[Result "1/2-1/2"]
[WhiteElo "1413"]
[BlackElo "1459"]
[PlyCount "76"]
[EventDate "2019.08.02"]
[EventType "swiss"]
[EventRounds "9"]
[EventCountry "THA"]
[SourceTitle "EXT 2024"]
[Source "ChessBase"]
[SourceDate "2023.10.10"]
[SourceVersion "1"]
[SourceVersionDate "2023.10.10"]
[SourceQuality "1"]

1. e4 e5 2. Bc4 Nc6 3. Nf3 Bc5 4. d3 h6 5. c3 Nf6 6. 0-0 0-0 7. d4 exd4 8. cxd4 Bb6 9. e5 Nh7 10. d5 Ne7 11. Qc2 Re8 12. Rd1 d6 13. b3 Bg4 14. Qe4 Bxf3 15. Qxf3 Ng6 16. e6 Qf6 17. exf7+ Kxf7 18. Qxf6+ Nxf6 19. a4 Ng4 20. Ra2 N6e5 21. Nc3 Re7 22. h3 Nf6 23. Ba3 Nxc4 24. bxc4 Ne4 25. Nxe4 Rxe4 26. Rc2 Rae8 27. c5 Re1+ 28. Rxe1 Rxe1+ 29. Kh2 Bxc5 30. Bxc5 dxc5 31. Rxc5 Re7 32. Kg3 Kf6 33. Kf4 g5+ 34. Kg4 Re4+ 35. Kf3 Re7 36. Kg4 Re4+ 37. Kf3 Re7 38. Kg4 Re4+ 1/2-1/2

[Event "Eastern Asia-ch U12 Girls 4th"]
[Site "Bangkok"]
[Date "2019.08.04"]
[Round "3.1"]
[White "Canino, Ruelle"]
[Black "Prommuang, Araya"]
[Result "1-0"]
[WhiteElo "1413"]
[BlackElo "1470"]
[PlyCount "65"]
[EventDate "2019.08.02"]
[EventType "swiss"]
[EventRounds "9"]
[EventCountry "THA"]
[SourceTitle "EXT 2024"]
[Source "ChessBase"]
[SourceDate "2023.10.10"]
[SourceVersion "1"]
[SourceVersionDate "2023.10.10"]
[SourceQuality "1"]

1. e4 e5 2. Bc4 Nc6 3. Nf3 Bc5 4. d3 Nf6 5. Bg5 Be7 6. c3 d6 7. h3 h6 8. Be3 Bd7 9. a3 Nh7 10. d4 Bf6 11. 0-0 0-0 12. Nbd2 exd4 13. cxd4 Qe7 14. Qc2 Bg5 15. Rae1 Bxe3 16. Rxe3 Ng5 17. Kh2 Nxf3+ 18. Nxf3 Nxd4 19. Nxd4 Qe5+ 20. Rg3 Qxd4 21. Rd1 Qe5 22. Rd5 Qf6 23. e5 Qf5 24. Qd2 Qh7 25. exd6 cxd6 26. Rxd6 Bf5 27. Rxh6 Rac8 28. Rxh7 Bxh7 29. Qh6 g6 30. Rg4 Rfd8 31. Rh4 Rc7 32. Qxh7+ Kf8 33. Re4 1-0